|
|
|
|
| LEADER |
00000nab a22000005a 4500 |
| 001 |
AR-BbUGT10100 |
| 003 |
AR-BbUGT |
| 005 |
20220516100520.0 |
| 007 |
ta |
| 008 |
171018s2015||||ag |||p |||| 0|||||spa d |
| 040 |
|
|
|a AR-BbUGT
|c AR-BbUGT
|
| 100 |
1 |
|
|a Schenkel, Erica,
|9 830
|d 1986-
|
| 245 |
1 |
0 |
|a Patrimonios de la Humanidad :
|b estrategia de la política turística en la Argentina /
|c Erica Schenkel, Andrés Pinassi.
|
| 530 |
|
|
|a Disponible también en formato digital.
|
| 651 |
|
4 |
|a Argentina
|9 254
|
| 653 |
|
|
|a Política turística
|
| 653 |
|
|
|a Patrimonio de la Humanidad
|
| 653 |
|
|
|a Turismo
|
| 653 |
|
|
|a Unesco
|
| 700 |
1 |
|
|a Pinassi, Carlos Andrés.
|9 810
|
| 773 |
0 |
|
|o R7553.44
|g Vol. 24, no. 2 (2015), p. 41-67
|t Revista Universitaria de Geografía
|x 0326-8373
|w AR-BbUGT7010
|
| 773 |
1 |
|
|o R7554.44
|w AR-BbUGT7010
|
| 773 |
1 |
|
|o R7555.44
|w AR-BbUGT7010
|
| 773 |
1 |
|
|o R7556.44
|w AR-BbUGT7010
|
| 773 |
1 |
|
|o R7557.44
|w AR-BbUGT7010
|
| 856 |
4 |
1 |
|3 Texto completo.
|u https://www.redalyc.org/articulo.oa?id=383243530002
|y Red de Información Científica Redalyc
|
| 942 |
|
|
|2 ddc
|c ARTPP
|
| 999 |
|
|
|c 15634
|d 15634
|